全球成人英语熟练度指标 - Statistics

General Stats
  • This quiz has been taken 11 times
  • The average score is 13 of 116
Answer Stats
所在大洲 国家 % Correct
欧洲 荷兰
73%
亚洲 新加坡
55%
欧洲 挪威
45%
欧洲 瑞典
45%
非洲 南非
36%
亚洲 菲律宾
36%
亚洲 马来西亚
36%
非洲 肯尼亚
27%
非洲 尼日利亚
27%
北美洲 洪都拉斯
27%
北美洲 哥斯达黎加
27%
南美洲 秘鲁
27%
欧洲 克罗地亚
18%
欧洲 葡萄牙
18%
欧洲 丹麦
18%
欧洲 希腊
18%
欧洲 奥地利
18%
欧洲 德国
18%
欧洲 罗马尼亚
18%
欧洲 比利时
18%
欧洲 芬兰
18%
欧洲 波兰
18%
欧洲 保加利亚
18%
欧洲 匈牙利
18%
欧洲 斯洛伐克
18%
欧洲 爱沙尼亚
18%
欧洲 卢森堡
18%
欧洲 立陶宛
18%
欧洲 塞尔维亚
18%
欧洲 捷克
18%
南美洲 苏里南
18%
南美洲 阿根廷
18%
欧洲 瑞士
18%
亚洲 中国香港
18%
欧洲 西班牙
18%
南美洲 乌拉圭
18%
非洲 加纳
18%
南美洲 巴拉圭
18%
欧洲 意大利
18%
南美洲 玻利维亚
18%
南美洲 智利
18%
欧洲 法国
18%
亚洲 韩国
18%
北美洲 古巴
18%
北美洲 萨尔瓦多
18%
南美洲 委内瑞拉
18%
亚洲 塞浦路斯
9%
亚洲 格鲁吉亚
9%
欧洲 白俄罗斯
9%
亚洲 亚美尼亚
9%
欧洲 摩尔多瓦
9%
欧洲 乌克兰
9%
欧洲 阿尔巴尼亚
9%
欧洲 俄罗斯
9%
亚洲 以色列
9%
非洲 乌干达
9%
北美洲 危地马拉
9%
北美洲 尼加拉瓜
9%
北美洲 多米尼加
9%
亚洲 孟加拉国
9%
亚洲 伊朗
9%
非洲 埃塞俄比亚
9%
亚洲 印度
9%
北美洲 巴拿马
9%
非洲 坦桑尼亚
9%
亚洲 斯里兰卡
9%
南美洲 哥伦比亚
9%
亚洲 印度尼西亚
9%
南美洲 巴西
9%
南美洲 厄瓜多尔
9%
北美洲 墨西哥
9%
亚洲 日本
9%
北美洲 海地
9%
亚洲 泰国
9%
亚洲 尼泊尔
0%
亚洲 越南
0%
亚洲 土耳其
0%
非洲 突尼斯
0%
亚洲 巴基斯坦
0%
亚洲 黎巴嫩
0%
亚洲 阿拉伯联合酋长国
0%
亚洲 卡塔尔
0%
非洲 摩洛哥
0%
亚洲 叙利亚
0%
非洲 阿尔及利亚
0%
非洲 莫桑比克
0%
非洲 埃及
0%
亚洲 蒙古
0%
非洲 马达加斯加
0%
亚洲 阿塞拜疆
0%
亚洲 吉尔吉斯斯坦
0%
非洲 佛得角
0%
亚洲 科威特
0%
亚洲 中国
0%
亚洲 缅甸
0%
亚洲 巴勒斯坦
0%
亚洲 阿富汗
0%
非洲 马拉维
0%
非洲 喀麦隆
0%
亚洲 乌兹别克斯坦
0%
非洲 苏丹
0%
亚洲 约旦
0%
非洲 塞内加尔
0%
亚洲 哈萨克斯坦
0%
亚洲 阿曼
0%
亚洲 沙特阿拉伯
0%
亚洲 伊拉克
0%
非洲 贝宁
0%
亚洲 塔吉克斯坦
0%
非洲 安哥拉
0%
亚洲 柬埔寨
0%
非洲 利比亚
0%
非洲 卢旺达
0%
非洲 科特迪瓦
0%
非洲 索马里
0%
非洲 也门
0%
No matching quizzes found
Score Distribution
Percent of People with Each Score
Percentile by Number Answered
Your Score History
You have not taken this quiz